Veterinary microbiology and microbial disease / (Record no. 13916)
[ view plain ]
| 000 -LEADER | |
|---|---|
| fixed length control field | 03127cam a22004218i 4500 |
| 001 - CONTROL NUMBER | |
| control field | 13916 |
| 003 - CONTROL NUMBER IDENTIFIER | |
| rucl marc code | BD-RjUL |
| 005 - DATE AND TIME OF LATEST TRANSACTION | |
| control field | 20211208235533.0 |
| 008 - FIXED-LENGTH DATA ELEMENTS--GENERAL INFORMATION | |
| fixed length control field | 140203s2011 enk b 001 0 eng d |
| 020 ## - INTERNATIONAL STANDARD BOOK NUMBER | |
| International Standard Book Number | 9781405158237 (pbk. : alk. paper) |
| 035 ## - SYSTEM CONTROL NUMBER | |
| System control number | BD-RjUL)13968 |
| 040 ## - CATALOGING SOURCE | |
| Original cataloging agency | DNLM/DLC |
| Transcribing agency | DLC |
| Description conventions | rda |
| Language of cataloging | eng |
| Modifying agency | BD-RjUL |
| 041 ## - LANGUAGE CODE | |
| Language code of text/sound track or separate title | eng |
| 060 10 - NATIONAL LIBRARY OF MEDICINE CALL NUMBER | |
| Classification number | QW 70 |
| 082 00 - DEWEY DECIMAL CLASSIFICATION NUMBER | |
| Classification number | 636.08969041 |
| Edition number | 22 |
| Author mark and year | VET 2011 |
| 245 00 - TITLE STATEMENT | |
| Title | Veterinary microbiology and microbial disease / |
| Statement of responsibility, etc. | P.J. Quinn, MVB, PhD, MRCVS, Professor Emeritus, Former Professor of Veterinary Microbiology and Parasitology, School of Veterinary Medicine, University College, Dublin, B.K. Markey, MVB, PhD, Dip Stat, MRCVS, Senior Lecturer in Veterinary Microbiology, School of Veterinary Medicine, University College, Dublin, F.C. Leonard, MVB, PhD, MRCVS, Senior Lecturer in Veterinary Microbiology, School of Veterinary Medicine, University College, Dublin, E.S. FitzPatrick, FIBMS, Chief Technical Officer, School of Veterinary Medicine, University College, Dublin, S. Fanning, BSc, PhD, Professor of Food Safety and Zoonoses, Director of Academic Centre for Food Safety, University College Dublin, P.J. Hartigan, BSc, MVM, MA, PhD, MRCVS, Former Senior Lecturer in Veterinary Pathology, Trinity College, Dublin. |
| 250 ## - EDITION STATEMENT | |
| Edition statement | Second Edition. |
| 260 ## - PUBLICATION, DISTRIBUTION, ETC. (IMPRINT) | |
| Place of publication, distribution, etc. | Chichester, West Sussex, UK : |
| Name of publisher, distributor, etc. | Wiley-Blackwell, |
| Date of publication, distribution, etc. | c2011. |
| 263 ## - PROJECTED PUBLICATION DATE | |
| Projected publication date | 1104 |
| 300 ## - PHYSICAL DESCRIPTION | |
| Pagination | xii,912p. : |
| Size | 28cm. |
| Illustrations | ill. ; |
| 504 ## - BIBLIOGRAPHY, ETC. NOTE | |
| Bibliography, etc | Includes bibliographical references and index. |
| 505 8# - FORMATTED CONTENTS NOTE | |
| Formatted contents note | Machine generated contents note: Section I: Introductory Bacteriology.Section II: Pathogenic Bacteria.Section III: Mycology.Section IV: Introductory Virology.Section V: Viruses and Prions.Section VI: Microbial Agents and Disease Production. |
| 520 ## - SUMMARY, ETC. | |
| Summary, etc. | "Veterinary Microbiology is one of the core subjects for veterinary students. Fully revised and expanded, this new edition covers every aspect of veterinary microbiology for students in both paraclinical and clinical years. It provides concise descriptions of the groups of micro-organisms, diseases they produce, immunological aspects and a summary of infectious diseases based on their main clinical signs. New to this edition:Diagrams throughout showing the transmission of infection New chapters on the application of molecular methods, food safety and public health, skin, the respiratory system, cardiology, and the urinary tract Revisions to existing text and many more illustrations"--Provided by publisher. |
| 650 #0 - SUBJECT ADDED ENTRY--TOPICAL TERM | |
| Topical term or geographic name as entry element | Veterinary microbiology. |
| 9 (RLIN) | 43493 |
| Topical term or geographic name as entry element | Microbiology. |
| 9 (RLIN) | 43494 |
| Topical term or geographic name as entry element | Veterinary Medicine. |
| 9 (RLIN) | 43495 |
| Topical term or geographic name as entry element | Communicable Diseases |
| General subdivision | microbiology. |
| 9 (RLIN) | 43496 |
| Topical term or geographic name as entry element | Communicable Diseases |
| General subdivision | veterinary. |
| 9 (RLIN) | 43497 |
| 700 1# - ADDED ENTRY--PERSONAL NAME | |
| Personal name | Quinn, P. J. |
| Fuller form of name | (Patrick J.), |
| Relator term | author. |
| Personal name | Markey, B. K. |
| Fuller form of name | (Bryan K.), |
| Relator term | author. |
| Personal name | Leonard, F. C., |
| Relator term | author. |
| Personal name | FitzPatrick, E. S., |
| Relator term | author. |
| Personal name | Fanning, S., |
| Relator term | author. |
| Personal name | Hartigan, P. J., |
| Relator term | author. |
| 942 ## - ADDED ENTRY ELEMENTS (KOHA) | |
| Source of classification or shelving scheme | Dewey Decimal Classification |
| Koha item type | Books |
| Lost status | Source of classification or shelving scheme | Damaged status | Not for loan | Collection code | Permanent Location | Current Location | Shelving location | Date acquired | Source of acquisition | Cost, normal purchase price | Total Checkouts | Full call number | Date last seen | Copy number | Koha item type |
|---|---|---|---|---|---|---|---|---|---|---|---|---|---|---|---|
| Dewey Decimal Classification | Not For Loan | Non-fiction | Central Library, University of Rajshahi | Central Library, University of Rajshahi | Reading Room | 08/07/2013 | Dhaka Space Marketing Comm. | 9100.00 | 636.08969041 VET 2011 | 03/02/2014 | C-1 | Books |